000 00723nam a22002653u 4500
001 DHIM2025102911380056
003 DE-627
005 20251030113612.0
007 tu
008 251029c2014 gs ||||| |||| 00| 0 eng d
020 _69780991423200
040 _aRU-10907106
_bger
_cRU-10907106
100 _aSkinner, Peter F
_967495
_4aut
245 _aGeorgia
_bThe Land below the Caucasus - A narrative History
264 1 _aTiflis
_bNarikala Publications
_c2014
300 _a500 Seiten
336 _2rdacontent
_aText
_btxt
337 _2rdamedia
338 _2rdacarrier
650 _aChristentum
650 _aUnabhängigkeitsbewegung
_95783
650 _aKultur
651 _aGeorgien
942 _2z
_cMG
999 _c73107
_d73107